书目信息 |
| 题名: |
列宁论青年
|
|
| 作者: | 本社编 | |
| 分册: | ||
| 出版信息: | 北京 中国青年出版社 1963 |
|
| 页数: | 303页 | |
| 开本: | 21cm | |
| 丛书名: | ||
| 单 册: | ||
| 中图分类: | A22 | |
| 科图分类: | ||
| 主题词: | 列字著作--单行本 | |
| 电子资源: | ||
| ISBN: | ||
| 000 | 00468nam0 2200181 450 | |
| 001 | 0659069686 | |
| 005 | 20060815162527.67 | |
| 010 | @dCNY0.80 | |
| 100 | @a20060815d1963 km y0chiy0120 ea | |
| 101 | 0 | @achi |
| 102 | @aCN@b110000 | |
| 200 | 1 | @a列宁论青年@Alie ning lun qing nian@f本社编@Fben she bian |
| 210 | @a北京@c中国青年出版社@d1963 | |
| 215 | @a303页@d21cm | |
| 606 | 0 | @a列字著作@x单行本 |
| 690 | @aA22@v3 | |
| 801 | 0 | @aCN@bPFT@c20060815 |
| 905 | @a10447@dA22@e41 | |
| 列宁论青年/本社编.-北京:中国青年出版社,1963 |
| 303页;21cm |
| ISBN :CNY0.80 |
| ● |
| 相关链接 |
|
|
|
|
正题名:列宁论青年
索取号:A22/41
 
预约/预借
| 序号 | 登录号 | 条形码 | 馆藏地/架位号 | 状态 | 备注 |
| 1 | 0460354 | 204603544 | 密集书库/ [索取号:A22/41] | 在馆 |